Investing with intelligent ETFs : (Record no. 3727)
[ view plain ]
| 000 -LEADER | |
|---|---|
| fixed length control field | 00843cam a2200181 a 4500 |
| 020 ## - INTERNATIONAL STANDARD BOOK NUMBER | |
| ISBN | 9780071543897 |
| 020 ## - INTERNATIONAL STANDARD BOOK NUMBER | |
| ISBN | 0071543899 |
| 050 00 - CALL NUMBER | |
| Classification number | HG6043 |
| Item number | .I83 |
| 100 1# - AUTHOR | |
| Personal name | Isaacman, Max. |
| 245 10 - TITLE | |
| Title | Investing with intelligent ETFs : |
| Remainder of title | strategies for profiting from the new breed of securities / |
| Statement of responsibility, etc | by Max Isaacman. |
| 260 ## - PUBLICATION INFORMATION | |
| Place of publication | New York : |
| Name of publisher | McGraw-Hill, |
| Year of publication | c2008. |
| 300 ## - DESCRIPTION | |
| Number of Pages | xxi, 230 p. : |
| Other physical details | ill. ; |
| Dimensions | 24 cm. |
| 500 ## - NOTES | |
| General note | Includes index. |
| 505 0# - FORMATTED CONTENTS NOTE | |
| Table of Content | Explaining Exchange-Traded Funds -- Investing in a rapidly changing world -- PowerShares -- Ways to weight indexes -- Rydex investments -- ProShares -- WisdomTree -- The origin and growth of intelligent ETFs -- Claymore securities -- Specialized ETF approaches -- The importance of investing in emerging markets. |
| 650 #0 - SUBJECTS | |
| Topical Term | Exchange traded funds. |
| 650 #0 - SUBJECTS | |
| Topical Term | Investments. |
| 942 ## - ADDED ENTRY ELEMENTS (KOHA) | |
| Koha item type | Books |
| Withdrawn status | Lost status | Collection code | Home library | Current library | Shelving location | Date acquired | Full call number | Accession Number | Koha item type |
|---|---|---|---|---|---|---|---|---|---|
| Reference | Methodist University Library Main | Methodist University Library Main | General Stacks | 17/06/2014 | HG6043 .I83 | 39678 | Books |